000 00438nam a22001817a 4500
003 MPLRDC
005 20220104113644.0
008 210129b ||||| |||| 00| 0 eng d
082 _a848.3 YS v.11 c.2
100 _a亦舒著
245 _a独身女人
_c
250 _a初版
260 _a
_b林白出版社有限公司
_c1987
300 _b
490 _a亦舒作品;5
650 _a现代别集
942 _cBK
_o848.3 YS v.11 c.2
999 _c1318
_d1308